| 000 | 01248nam a2200325 a 4500 | ||
|---|---|---|---|
| 001 | 000115571 | ||
| 003 | CHAP | ||
| 005 | 20220329144540.0 | ||
| 008 | 190607s2018 mx a |sm |||||||spa d | ||
| 010 | _a112032 | ||
| 011 | _a113004 | ||
| 040 | _cCHAP | ||
| 090 | _aTesis | ||
| 100 | 1 |
_aLugo Sandoval, Martín. _9135975 |
|
| 245 | 1 | 0 |
_aValoración economica de los servicios ambientales del monte tláloc, Texcoco de Mora, Estado de México _h[En línea] _cpor Martín Lugo Sandoval. |
| 260 |
_aChapingo, Méx. : _bEl autor, _c2018. |
||
| 500 | _aPara ver el contenido del material haga clic en la liga | ||
| 502 | _aTesis (Licenciado en Economía) -- UACH. División de Ciencias Económico-Administrativas | ||
| 590 |
_aBATCH-UPD _b05 _c20190607 _lUCH01 _h1431 |
||
| 590 |
_aE6339RRR _b05 _c20190607 _lUCH01 _h1430 |
||
| 590 |
_aE6339RRR _b05 _c20190607 _lUCH01 _h1431 |
||
| 650 | 1 | 4 |
_aAreas recreativas _xAspectos económicos. _9135976 |
| 650 | 1 | 4 |
_aBosques _xAdministración comunitaria _zMéxico. _914043 |
| 650 | 1 | 4 |
_aBosques _xConservación _zMéxico (Edo.). _9134237 |
| 650 | 1 | 4 |
_aTurismo sustentable. _9131608 |
| 856 |
_aFinding aid _uhttp://10.13.5.2/tesis/sist115571.pdf _zTeclea aquí |
||
| 901 | _aBK | ||
| 942 | _cTESIS | ||
| 942 | _n0 | ||
| 999 |
_c112032 _d112032 |
||